Normal view
MARC view
Entry Topical Term
001 - CONTROL NUMBER
- control field: 13253
003 - CONTROL NUMBER IDENTIFIER
- control field: BD-RjUL
005 - DATE AND TIME OF LATEST TRANSACTION
- control field: 20240602113105.0
008 - FIXED-LENGTH DATA ELEMENTS
- fixed length control field: 240602|| aca||aabn | a|a d
040 ## - CATALOGING SOURCE
- Original cataloging agency: BD-RjUL
- Transcribing agency: BD-RjUL
150 ## - HEADING--TOPICAL TERM
- Topical term or geographic name entry element: Incentives in industry
670 ## - SOURCE DATA FOUND
- Source citation: Work cat.: (BD-RjUL)83862: Khan, Mokbul Ahmed 13252, Incentive schemes in industries of Bangladesh /, 1981